Statystyki dla Państwa z największą liczbą osób mówiących po angielsku

Kliknij tutaj aby rozwiązać quiz!

Ogólne statystyki

  • Ten quiz został rozwiązany 386 razy
  • Średni wynik to 6 z 10

Statystyki odpowiedzi

# Użytkownicy%Państwo% Poprawnych
251,184,00078,9Stany Zjednoczone
99%
58.249.00092,4Wielka Brytania
99%
19,460,00056,0Kanada
90%
18,194,00077,7Australia
81%
4,149,00087,1Irlandia
80%
3,819,0009.1Nowa Zelandia
70%
4,537,0008,3Republika Południowej
Afryki
57%
1,021,0002,2Hiszpania
24%
750,0001,3Włochy
19%
1,440,00036,9Singapur
17%

Rozkład punktacji

Percentyl według liczby udzielonych odpowiedzi

Procent ludzi z każdym wynikiem

Twoja historia wyników

Nie rozwiązałeś tego quizu